[Event "41th GRE-ch Women 2018"]
[Site "Thessaloniki"]
[Date "2018.12.18"]
[Round "7"]
[White "Nikolaidou, Eleni"]
[Black "Markantonaki, Haritomeni"]
[Result "0-1"]
[WhiteElo "1707"]
[BlackElo "2152"]
[Annotator "NA"]
[PlyCount "80"]
[EventDate "2018.12.12"]
[EventType "tourn"]
[EventCountry "GRE"]
[SourceTitle "playchess.com"]
[Source "ChessBase"]
[SourceQuality "1"]
[TimeControl "40/5400+30:1800+30"]

1. e4 {[%emt 0:04:22]} c5 {[%emt 0:00:00]} 2. Nf3 {[%emt 0:00:13]} Nc6 {[%emt 0:00:00]} 3. c3 {[%emt 0:00:14]} Nf6 {[%emt 0:00:22]} 4. e5 {[%emt 0:00:45]} Nd5 {[%emt 0:00:11]} 5. Bc4 {[%emt 0:00:15]} Nb6 {[%emt 0:00:32]} 6. Bb3 {[%emt 0:00:06]} c4 {[%emt 0:00:16]} 7. Bc2 {[%emt 0:01:21]} d6 {[%emt 0:00:28]} 8. exd6 {[%emt 0:00:39]} Qxd6 {[%emt 0:00:14]} 9. Qe2 {[%emt 0:03:17]} Bg4 {[%emt 0:04:54]} 10. b3 {[%emt 0:03:08]} Qf6 {[%emt 0:09:09]} 11. Na3 {[%emt 0:09:01]} cxb3 {[%emt 0:16:08]} 12. axb3 {[%emt 0:00:07]} Nd5 {[%emt 0:04:07]} 13. O-O {[%emt 0:13:07]} Nf4 {[%emt 0:03:51]} (13... Bxf3 $1 $11 {remains equal.} 14. Qxf3 Qxf3 15. gxf3 e6) 14. Qe4 {[%emt 0:07:35]} e6 {[%emt 0:01:05]} 15. d4 {[%emt 0:03:24]} Bd6 $18 {[%emt 0:02:56]} (15... Bxa3 $16 {might work better.} 16. Bxa3 Nh3+ 17. Kh1 Bxf3 18. gxf3 (18. Qxf3 Qxf3 19. gxf3 Nf4 $14) 18... O-O-O) 16. Nc4 {[%emt 0:27:28]} Bc7 {[%emt 0:02:58]} 17. Re1 {[%emt 0:04:37]} Nh3+ {[%emt 0:22:57]} 18. Kf1 {[%emt 0:00:16]} Bxf3 {[%emt 0:00:15]} 19. Qxf3 {[%emt 0:00:10]} Qxf3 {[%emt 0:00:53]} 20. gxf3 {[%emt 0:00:07]} O-O {[%emt 0:09:50]} 21. Re4 {[%emt 0:02:56]} g5 {[%emt 0:03:55]} 22. Kg2 {[%emt 0:05:00]} Nf4+ {[%emt 0:00:05]} 23. Bxf4 {[%emt 0:00:19]} Bxf4 {[%emt 0:00:10]} 24. h4 {[%emt 0:01:55]} h6 {[%emt 0:00:39]} 25. Ne3 {[%emt 0:05:19]} Ne7 {[%emt 0:03:18]} 26. Rg1 {[%emt 0:03:21]} Rfd8 {[%emt 0:07:04]} 27. Kf1 {[%emt 0:00:41]} Kf8 {[%emt 0:00:15]} 28. Ng2 {[%emt 0:01:03]} Bd2 {[%emt 0:00:27]} 29. c4 {[%emt 0:00:50]} Nc6 {[%emt 0:00:38]} 30. hxg5 {[%emt 0:00:51]} hxg5 {[%emt 0:00:29]} 31. f4 {[%emt 0:01:38]} Nxd4 {[%emt 0:00:40]} 32. Bd1 {[%emt 0:00:32]} f5 {[%emt 0:01:35]} 33. Re5 {[%emt 0:00:31]} g4 {[%emt 0:00:53]} 34. Rh1 {[%emt 0:00:35]} Kg7 {[%emt 0:00:18]} 35. Ne3 {[%emt 0:00:28]} Nc6 {[%emt 0:02:27]} 36. Rxe6 {[%emt 0:00:34]} Bxe3 {[%emt 0:00:04]} 37. Rxc6 {[%emt 0:00:36]} bxc6 {[%emt 0:00:10]} 38. Bc2 {[%emt 0:00:29]} Bxf4 {[%emt 0:00:07]} 39. Kg2 {[%emt 0:00:28]} Rh8 {[%emt 0:00:46]} 40. Rd1 {[%emt 0:00:00]} Rad8 {[%emt 0:00:00]} 0-1

[Event "41th GRE-ch Women 2018"]
[Site "Thessaloniki"]
[Date "2018.12.19"]
[Round "8"]
[White "Pavlidou, Ekaterini"]
[Black "Nikolaidou, Eleni"]
[Result "1-0"]
[WhiteElo "2185"]
[BlackElo "1707"]
[Annotator "NA"]
[PlyCount "95"]
[EventDate "2018.12.12"]
[EventType "tourn"]
[EventCountry "GRE"]
[SourceTitle "playchess.com"]
[Source "ChessBase"]
[SourceQuality "1"]
[TimeControl "40/5400+30:1800+30"]

1. d4 {[%emt 0:00:00]} Nf6 {[%emt 0:00:00]} 2. c4 {[%emt 0:00:06]} e6 {[%emt 0:00:00]} 3. Nf3 {[%emt 0:00:19]} Be7 {[%emt 0:00:28]} 4. Nc3 {[%emt 0:02:17]} d5 {[%emt 0:00:21]} 5. Bg5 {[%emt 0:01:55]} c6 {[%emt 0:00:59]} 6. e3 {[%emt 0:00:12]} Nbd7 {[%emt 0:00:42]} 7. Rc1 {[%emt 0:01:08]} O-O {[%emt 0:01:50]} 8. a3 {[%emt 0:06:11]} Ne4 {[%emt 0:17:02]} 9. Bxe7 {[%emt 0:04:32]} Qxe7 {[%emt 0:00:07]} 10. Qc2 {[%emt 0:18:33] LiveBook: 7 Games} f5 $14 {[%emt 0:04:41]} (10... Nxc3 $11 11. Qxc3 dxc4) 11. Bd3 {[%emt 0:06:55]} Ndf6 {[%emt 0:06:42]} 12. Ne5 {[%emt 0:01:21]} g6 {[%emt 0:19:16]} 13. f3 {[%emt 0:01:31]} Nd6 {[%emt 0:04:38]} 14. O-O {[%emt 0:10:04]} Bd7 {[%emt 0:06:06]} 15. Rce1 {[%emt 0:06:07]} Rad8 {[%emt 0:06:30]} 16. b4 {[%emt 0:04:54]} dxc4 {[%emt 0:01:27]} 17. Bxc4 {[%emt 0:02:24]} Nxc4 {[%emt 0:01:44]} 18. Nxc4 {[%emt 0:00:05]} b6 {[%emt 0:01:34]} 19. Ne5 {[%emt 0:03:47]} c5 {[%emt 0:06:39]} 20. dxc5 {[%emt 0:00:29]} bxc5 {[%emt 0:00:09]} 21. b5 {[%emt 0:00:08]} Qd6 {[%emt 0:00:34]} 22. Nc4 {[%emt 0:00:39]} Qb8 {[%emt 0:01:37]} 23. a4 {[%emt 0:08:33]} e5 {[%emt 0:01:19]} 24. f4 {[%emt 0:01:57]} Rfe8 {[%emt 0:09:19]} 25. Nxe5 {[%emt 0:11:08]} Rxe5 {[%emt 0:00:08]} 26. fxe5 {[%emt 0:00:02]} Qxe5 {[%emt 0:00:11]} 27. Qd2 {[%emt 0:01:02]} Re8 {[%emt 0:00:52]} 28. h3 {[%emt 0:00:53]} Be6 {[%emt 0:02:16]} 29. Rc1 {[%emt 0:00:57]} Bf7 {[%emt 0:01:01]} 30. Rfe1 {[%emt 0:00:47]} Kg7 {[%emt 0:00:36]} 31. a5 {[%emt 0:00:14]} Re7 {[%emt 0:01:23]} 32. Qb2 {[%emt 0:03:02]} f4 {[%emt 0:03:50]} 33. e4 {[%emt 0:01:42]} Qd4+ {[%emt 0:00:33]} 34. Qf2 {[%emt 0:00:19]} Qb4 {[%emt 0:00:31]} 35. a6 {[%emt 0:02:22]} g5 {[%emt 0:00:19]} 36. e5 {[%emt 0:00:42]} Nd7 {[%emt 0:01:13]} 37. e6 {[%emt 0:00:28]} Rxe6 {[%emt 0:00:30]} 38. Red1 {[%emt 0:00:38]} Nf6 {[%emt 0:00:34]} 39. Nd5 {[%emt 0:00:33]} Nxd5 {[%emt 0:00:15]} 40. Rxd5 {[%emt 0:00:00]} Qxb5 {[%emt 0:00:00]} 41. Rxg5+ {[%emt 0:01:46]} Rg6 {[%emt 0:01:51]} 42. Rxg6+ {[%emt 0:04:43]} hxg6 {[%emt 0:00:50]} 43. Rxc5 {[%emt 0:01:30]} Qxa6 {[%emt 0:00:18]} 44. Qxf4 {[%emt 0:01:07]} Qb6 {[%emt 0:00:50]} 45. Qe5+ {[%emt 0:01:21]} Kh7 {[%emt 0:03:08]} 46. Kh2 {[%emt 0:00:09]} Qd8 {[%emt 0:01:26]} 47. Rc7 {[%emt 0:00:47]} Kg8 {[%emt 0:00:41]} 48. Rb7 {[%emt 0:00:19]} 1-0

[Event "41th GRE-ch Women 2018"]
[Site "Thessaloniki"]
[Date "2018.12.19"]
[Round "8"]
[White "Markantonaki, Haritomeni"]
[Black "Grapsa, Georgia"]
[Result "1-0"]
[WhiteElo "2152"]
[BlackElo "2097"]
[Annotator "NA"]
[PlyCount "77"]
[EventDate "2018.12.12"]
[EventType "tourn"]
[EventCountry "GRE"]
[SourceTitle "playchess.com"]
[Source "ChessBase"]
[SourceQuality "1"]
[TimeControl "40/5400+30:1800+30"]

1. e4 {[%emt 0:00:00]} c5 {[%emt 0:00:00]} 2. Nf3 {[%emt 0:00:00]} d6 {[%emt 0:00:00]} 3. d4 {[%emt 0:00:00]} cxd4 {[%emt 0:00:00]} 4. Nxd4 {[%emt 0:00:00]} Nf6 {[%emt 0:00:00]} 5. Nc3 {[%emt 0:00:05]} a6 {[%emt 0:00:01]} 6. Be3 {[%emt 0:00:33]} e5 {[%emt 0:00:55]} 7. Nb3 {[%emt 0:00:15]} Be6 {[%emt 0:00:03]} 8. Qd2 {[%emt 0:00:39]} Nbd7 {[%emt 0:00:30]} 9. O-O-O {[%emt 0:01:34]} b5 {[%emt 0:00:17]} 10. f4 {[%emt 0:03:35]} Rc8 {[%emt 0:05:00]} 11. f5 {[%emt 0:05:44]} Bc4 {[%emt 0:00:22]} 12. Kb1 {[%emt 0:01:29]} b4 {[%emt 0:14:24]} 13. Nd5 {[%emt 0:01:49]} a5 {[%emt 0:00:23]} 14. Bxc4 {[%emt 0:10:43]} Rxc4 {[%emt 0:00:17]} 15. Qd3 {[%emt 0:00:34]} Rxe4 {[%emt 0:04:28]} 16. h3 {[%emt 0:10:00]} Nxd5 {[%emt 0:10:09]} 17. Qxe4 {[%emt 0:00:20]} N7f6 {[%emt 0:00:06]} 18. Qd3 $16 {[%emt 0:02:02]} a4 {[%emt 0:00:18]} 19. Nc1 {[%emt 0:05:30]} Qb8 {[%emt 0:04:46]} 20. Ne2 {[%emt 0:04:11]} Be7 {[%emt 0:04:36]} 21. g4 {[%emt 0:01:20]} h6 {[%emt 0:02:08]} 22. g5 {[%emt 0:08:38]} hxg5 {[%emt 0:00:07]} 23. Bxg5 {[%emt 0:00:19]} O-O {[%emt 0:03:16]} 24. Rhg1 {[%emt 0:01:32]} Rc8 {[%emt 0:01:56]} 25. Ka1 {[%emt 0:06:51]} a3 {[%emt 0:06:28]} 26. b3 {[%emt 0:00:47]} e4 {[%emt 0:05:34]} 27. Qd2 {[%emt 0:05:11]} Nc3 {[%emt 0:09:28]} 28. Nxc3 {[%emt 0:01:02]} Rxc3 {[%emt 0:00:04]} 29. Bh6 {[%emt 0:05:10]} Ne8 {[%emt 0:19:53]} 30. Bxg7 {[%emt 0:02:26]} Nxg7 {[%emt 0:00:04]} 31. Qh6 {[%emt 0:00:30]} Qf8 {[%emt 0:00:05]} 32. f6 {[%emt 0:00:25]} Bxf6 {[%emt 0:00:04]} 33. Qxf6 {[%emt 0:00:07]} Rf3 {[%emt 0:05:55]} 34. Qh6 {[%emt 0:00:51]} e3 {[%emt 0:02:40]} 35. Kb1 {[%emt 0:06:21]} e2 {[%emt 0:00:29]} 36. Rde1 {[%emt 0:00:31]} Rf2 {[%emt 0:01:54]} 37. Qe3 {[%emt 0:01:28]} Rf6 {[%emt 0:01:11]} 38. Qxe2 {[%emt 0:00:51]} Re6 {[%emt 0:00:38]} 39. Qg4 {[%emt 0:02:49]} 1-0

[Event "41th GRE-ch Women 2018"]
[Site "Thessaloniki"]
[Date "2018.12.19"]
[Round "8"]
[White "Skaraki, Antigoni"]
[Black "Makka, Ioulia"]
[Result "0-1"]
[WhiteElo "2012"]
[BlackElo "2065"]
[Annotator "NA"]
[PlyCount "64"]
[EventDate "2018.12.12"]
[EventType "tourn"]
[EventCountry "GRE"]
[SourceTitle "playchess.com"]
[Source "ChessBase"]
[SourceQuality "1"]
[TimeControl "40/5400+30:1800+30"]

1. e4 {[%emt 0:00:00]} c6 {[%emt 0:00:00]} 2. Nc3 {[%emt 0:00:00]} d6 {[%emt 0:01:59]} 3. d4 {[%emt 0:03:30]} g6 {[%emt 0:00:52]} 4. f4 {[%emt 0:02:32]} Bg7 {[%emt 0:00:28]} 5. Nf3 {[%emt 0:00:31]} b5 {[%emt 0:00:43] LiveBook: 44 Games} 6. a3 {[%emt 0:03:52] B06: Modern Defence} (6. Bd3 Qb6 7. e5 Nh6 8. Ne4 O-O 9. O-O Bg4 10. c3 dxe5 11. fxe5 Nd7 12. Nf2 Be6 13. Ng5 Bd5 14. Be4 Bxe4 15. Ngxe4 {1-0 (32) Anand,V (2782)-Fedoseev,V (2718) Riadh 2017}) 6... Bb7 {[%emt 0:07:04]} 7. Bd3 {[%emt 0:08:12]} a6 {[%emt 0:06:54]} 8. Be3 {[%emt 0:05:33]} Nd7 {[%emt 0:07:19]} 9. e5 $146 {[%emt 0:06:26]} ({Predecessor:} 9. O-O c5 10. Kh1 cxd4 11. Bxd4 Ngf6 12. e5 dxe5 13. fxe5 Ng4 {1-0 (29) Kelbling,P (1574)-Van der Gaag,E (1865) Halver 2005}) 9... Nh6 {[%emt 0:05:02]} 10. Qd2 {[%emt 0:08:36]} Qc7 {[%emt 0:08:13]} 11. h3 {[%emt 0:11:10]} c5 {[%emt 0:16:35]} 12. exd6 {[%emt 0:12:11]} exd6 {[%emt 0:07:53]} 13. Be4 {[%emt 0:04:33]} Bxe4 {[%emt 0:04:32]} 14. Nxe4 {[%emt 0:00:02]} O-O {[%emt 0:00:58]} 15. O-O {[%emt 0:02:01]} Rfe8 {[%emt 0:03:47]} 16. Ng3 $15 {[%emt 0:00:31]} Nb6 {[%emt 0:02:48]} 17. b3 {[%emt 0:02:57]} Nd5 {[%emt 0:01:17]} 18. Bf2 {[%emt 0:00:31]} c4 {[%emt 0:01:18]} 19. b4 {[%emt 0:04:43]} c3 {[%emt 0:01:28]} 20. Qc1 {[%emt 0:01:18]} f5 {[%emt 0:00:39]} 21. Re1 {[%emt 0:04:11]} Nf7 {[%emt 0:04:47]} 22. Nf1 {[%emt 0:02:07]} Rxe1 {[%emt 0:02:35]} 23. Nxe1 {[%emt 0:03:37]} Re8 {[%emt 0:01:34]} 24. Nd3 {[%emt 0:00:19]} Qc4 {[%emt 0:01:17]} 25. Ne3 {[%emt 0:08:17]} Nxe3 {[%emt 0:00:28]} 26. Bxe3 {[%emt 0:00:05]} Rxe3 {[%emt 0:01:17]} 27. Qxe3 {[%emt 0:01:54]} Bxd4 {[%emt 0:00:10]} 28. Kf2 {[%emt 0:00:55]} Bxe3+ {[%emt 0:00:37]} 29. Kxe3 {[%emt 0:00:03]} Nd8 {[%emt 0:01:04]} 30. a4 {[%emt 0:00:20]} Ne6 {[%emt 0:01:33]} 31. g3 {[%emt 0:00:32]} Qe4+ {[%emt 0:01:30]} 32. Kf2 {[%emt 0:00:10]} Nd4 {[%emt 0:00:36]} 0-1

[Event "41th GRE-ch Women 2018"]
[Site "Thessaloniki"]
[Date "2018.12.19"]
[Round "8"]
[White "Androni, Konstantina"]
[Black "Fragkou, Eleni"]
[Result "0-1"]
[WhiteElo "1912"]
[BlackElo "2031"]
[Annotator "NA"]
[PlyCount "70"]
[EventDate "2018.12.12"]
[EventType "tourn"]
[EventCountry "GRE"]
[SourceTitle "playchess.com"]
[Source "ChessBase"]
[SourceQuality "1"]
[TimeControl "40/5400+30:1800+30"]

1. d4 {[%emt 0:00:00]} Nf6 {[%emt 0:00:00]} 2. c4 {[%emt 0:00:00]} g6 {[%emt 0:00:00]} 3. Nc3 {[%emt 0:00:00]} Bg7 {[%emt 0:00:21]} 4. e4 {[%emt 0:00:03]} d6 {[%emt 0:00:08]} 5. f3 {[%emt 0:00:06]} O-O {[%emt 0:00:08]} 6. Be3 {[%emt 0:00:04]} c5 {[%emt 0:00:07]} 7. Nge2 {[%emt 0:01:14]} Nc6 {[%emt 0:00:32]} 8. d5 {[%emt 0:00:07]} Ne5 {[%emt 0:00:08]} 9. Ng3 {[%emt 0:00:54]} h5 {[%emt 0:00:25]} 10. Be2 {[%emt 0:00:24]} e6 {[%emt 0:05:34]} 11. O-O {[%emt 0:06:04]} exd5 {[%emt 0:01:22]} 12. cxd5 {[%emt 0:00:45]} a6 {[%emt 0:02:01]} 13. a4 {[%emt 0:00:16]} Re8 {[%emt 0:05:00]} 14. Qd2 {[%emt 0:02:26] LiveBook: 18 Games} Rb8 {[%emt 0:07:56]} 15. a5 $146 {[%emt 0:13:35] A65: Modern Benoni: 6 e4} ({Predecessor:} 15. Bg5 Qa5 16. f4 Ned7 17. Kh1 Nh7 18. Bh4 Qb4 19. Bxh5 gxh5 20. Nxh5 Ndf6 21. Nxg7 Kxg7 22. Bxf6+ Nxf6 {½-½ (59) Del Rio de Angelis,S (2471)-Perez Mitjans,O (2496) Roquetas de Mar 2013}) 15... b5 {[%emt 0:08:51]} 16. axb6 {[%emt 0:01:48]} Rxb6 {[%emt 0:00:11]} 17. Ra2 {[%emt 0:01:02]} Rb4 {[%emt 0:07:13]} 18. Bh6 {[%emt 0:13:28]} Bh8 {[%emt 0:34:39]} 19. Bxa6 {[%emt 0:01:06]} Bxa6 $11 {[%emt 0:02:51]} 20. Rxa6 {[%emt 0:00:02]} Nc4 {[%emt 0:03:04]} 21. Qf4 {[%emt 0:05:20]} Nd7 {[%emt 0:05:05]} 22. Qc1 {[%emt 0:18:02]} Nde5 {[%emt 0:09:01]} 23. Na2 {[%emt 0:13:20]} Rxb2 {[%emt 0:04:14]} 24. f4 {[%emt 0:00:07]} Ng4 {[%emt 0:00:20]} 25. Qxc4 {[%emt 0:04:17]} Rxg2+ {[%emt 0:00:21]} 26. Kxg2 {[%emt 0:01:40]} Ne3+ {[%emt 0:00:03]} 27. Kh1 {[%emt 0:00:34]} Nxc4 {[%emt 0:00:05]} 28. f5 {[%emt 0:00:24]} h4 {[%emt 0:01:13]} 29. fxg6 {[%emt 0:00:21]} fxg6 {[%emt 0:00:10]} 30. Nf5 {[%emt 0:07:59]} gxf5 {[%emt 0:01:09]} 31. Ra7 {[%emt 0:00:02]} Rxe4 {[%emt 0:01:46]} 32. Rxf5 {[%emt 0:00:42]} Re1+ {[%emt 0:00:27]} 33. Kg2 {[%emt 0:00:05]} Ne3+ {[%emt 0:00:13]} 34. Bxe3 {[%emt 0:03:09]} Rxe3 {[%emt 0:00:06]} 35. Raf7 {[%emt 0:03:21]} Qe8 {[%emt 0:00:45]} 0-1

[Event "41th GRE-ch Women 2018"]
[Site "Thessaloniki"]
[Date "2018.12.19"]
[Round "8"]
[White "Tsivelekidou, Evgenia"]
[Black "Petraki, Evaggelia"]
[Result "1-0"]
[WhiteElo "1861"]
[BlackElo "1756"]
[Annotator "NA"]
[PlyCount "87"]
[EventDate "2018.12.12"]
[EventType "tourn"]
[EventCountry "GRE"]
[SourceTitle "playchess.com"]
[Source "ChessBase"]
[SourceQuality "1"]
[TimeControl "40/5400+30:1800+30"]

1. d4 {[%emt 0:00:00]} Nf6 {[%emt 0:00:00]} 2. g3 {[%emt 0:00:00]} d5 {[%emt 0:00:11]} 3. c4 {[%emt 0:00:00]} e6 {[%emt 0:00:14]} 4. Nf3 {[%emt 0:00:25]} Be7 {[%emt 0:02:36]} 5. Bg2 {[%emt 0:00:07]} O-O {[%emt 0:00:21]} 6. O-O {[%emt 0:00:05]} c6 {[%emt 0:00:20]} 7. Qc2 {[%emt 0:00:15]} Nbd7 {[%emt 0:01:49]} 8. Rd1 {[%emt 0:00:24]} b6 {[%emt 0:01:11]} 9. b3 {[%emt 0:00:38]} Bb7 {[%emt 0:00:14]} 10. Nc3 {[%emt 0:00:49]} Rc8 {[%emt 0:01:17]} 11. e4 {[%emt 0:03:36]} dxe4 {[%emt 0:00:42]} 12. Nxe4 {[%emt 0:00:06]} c5 {[%emt 0:03:25]} 13. Nxf6+ {[%emt 0:03:30]} Bxf6 {[%emt 0:00:29]} 14. Ng5 {[%emt 0:05:48]} Bxg5 {[%emt 0:01:25]} 15. Bxb7 {[%emt 0:02:09]} Rc7 {[%emt 0:00:08]} 16. Bg2 {[%emt 0:03:43]} cxd4 {[%emt 0:05:35]} 17. Bxg5 {[%emt 0:01:52]} Qxg5 {[%emt 0:00:05]} 18. Rxd4 {[%emt 0:00:30]} b5 {[%emt 0:05:24]} 19. Qd1 {[%emt 0:08:17]} Nb6 {[%emt 0:01:04]} 20. cxb5 {[%emt 0:02:31]} Qxb5 {[%emt 0:00:11]} 21. a4 {[%emt 0:00:45]} Qg5 {[%emt 0:06:28]} 22. a5 {[%emt 0:03:37]} Nc8 {[%emt 0:04:55]} 23. b4 {[%emt 0:04:43]} g6 {[%emt 0:01:13]} 24. Rb1 {[%emt 0:02:50]} Qb5 {[%emt 0:05:56]} 25. Bf1 {[%emt 0:07:01]} Qf5 {[%emt 0:01:21]} 26. Rb2 {[%emt 0:13:23]} Ne7 {[%emt 0:03:44]} 27. b5 {[%emt 0:09:29]} Nd5 {[%emt 0:00:53]} 28. Bg2 {[%emt 0:04:25]} Nc3 {[%emt 0:02:28]} 29. Qf1 {[%emt 0:01:13]} Qc5 {[%emt 0:06:00]} 30. Rdb4 {[%emt 0:04:16]} Rd8 {[%emt 0:05:02]} 31. Bf3 {[%emt 0:01:01]} Rcd7 {[%emt 0:10:20]} 32. b6 {[%emt 0:06:50]} axb6 {[%emt 0:00:45]} 33. axb6 {[%emt 0:00:07]} Qf5 {[%emt 0:00:23]} 34. Kg2 {[%emt 0:03:46]} Rd3 {[%emt 0:09:20]} 35. Rf4 {[%emt 0:00:35]} Qe5 {[%emt 0:01:58]} 36. b7 {[%emt 0:01:13]} R3d7 {[%emt 0:03:45]} 37. Rfb4 {[%emt 0:02:23]} Rb8 {[%emt 0:01:08]} 38. Qc4 {[%emt 0:01:33]} Rc7 {[%emt 0:03:21]} 39. Qb3 {[%emt 0:04:56]} Kg7 {[%emt 0:08:19]} 40. Rc4 {[%emt 0:00:00]} Rxc4 {[%emt 0:00:00]} 41. Qxc4 {[%emt 0:00:26]} Nd5 {[%emt 0:02:35]} 42. Rb5 {[%emt 0:04:07]} Qc7 {[%emt 0:06:07]} 43. Bxd5 {[%emt 0:01:02]} exd5 {[%emt 0:00:06]} 44. Qxc7 1-0

[Event "41th GRE-ch Women 2018"]
[Site "Thessaloniki"]
[Date "2018.12.20"]
[Round "9"]
[White "Grapsa, Georgia"]
[Black "Pavlidou, Ekaterini"]
[Result "1/2-1/2"]
[WhiteElo "2097"]
[BlackElo "2185"]
[Annotator "TA"]
[PlyCount "119"]
[EventDate "2018.12.12"]
[EventType "tourn"]
[EventCountry "GRE"]
[SourceTitle "playchess.com"]
[Source "ChessBase"]
[SourceQuality "1"]

{[%evp 21,119,-15,22,10,11,12,12,-74,-8,-29,-5,-25,15,-32,-35,-28,-14,-16,0,-27,37,10,17,24,78,53,72,75,77,77,80,3,12,5,1,0,26,2,10,3,16,8,10,0,44,0,0,-6,-7,-11,-12,-14,0,0,0,-18,-12,-16,0,-95,-79,-517,-526,-809,-747,-661,-664,-668,-635,-452,-178,-170,-116,-124,-108,-182,14,11,136,0,0,0,0,0,0,0,0,0,0,0,0,0,0,0,0,0,0,-20,0,0]} 1. d4 Nf6 2. c4 e6 3. g3 d5 4. Nf3 Bb4+ 5. Bd2 Be7 6. Qc2 c6 7. Bg2 O-O 8. O-O b6 9. Bf4 Bb7 10. Rd1 {E06: Closed Catalan: Early deviations} Nbd7 11. b3 (11. Ne5 Rc8 12. Nc3 Nh5 13. Bc1 Nhf6 14. e4 Bb4 15. Bg5 Qc7 16. Nxd7 Nxd7 17. a3 Bxc3 18. Qxc3 dxc4 19. Bf4 Qd8 20. Bd6 {0-1 (76) Dominguez Perez,L (2739)-Caruana,F (2822) Saint Louis 2018}) 11... Nh5 {LiveBook: 6 Games} 12. Be3 f5 13. Nc3 Rc8 $146 ({Predecessor:} 13... Bd6 14. Bd2 Rc8 15. Rac1 Qe7 16. cxd5 cxd5 17. Qd3 {½-½ (46) Drogovoz,I (2313)-Mahalakshmi,M (2048) Durban 2014}) 14. Ne5 (14. a4 $11) 14... Bd6 (14... Nxe5 $17 15. dxe5 f4 16. cxd5 cxd5) 15. Bf3 Nhf6 16. Bf4 Qe7 17. Nd3 Bxf4 18. Nxf4 g5 19. Nd3 Rf7 20. a4 {[%cal Ba2a4,Ba4a5][%mdl 32]} Ba6 ({Black should play} 20... a5 $11) 21. Qa2 Ne4 22. Rac1 Qd6 (22... Qf6 $11) 23. e3 Rcf8 24. Bg2 Rg7 25. a5 b5 {[%cal Rb5c4]} 26. cxb5 (26. cxd5 $16 exd5 27. b4) 26... Nxc3 $11 27. Rxc3 Bxb5 28. f4 g4 29. Bf1 Bxd3 30. Bxd3 h5 31. Rdc1 Nb8 32. a6 Rh7 33. Qa5 (33. b4 $5) 33... h4 34. Bf1 hxg3 35. hxg3 Kg7 36. b4 Rfh8 37. Bg2 Kg6 38. b5 cxb5 39. Qxb5 Qf8 40. e4 (40. Rc7 $11 {remains equal.}) 40... dxe4 $17 41. Bxe4 $2 {[%mdl 8192]} (41. Re3 $17 {is a better chance.}) 41... Qf6 $1 $19 {[%cal Rf6d4]} 42. Bg2 Qxd4+ 43. Kf1 {[#]} Rh1+ $1 {[%mdl 512]} 44. Ke2 {Strongly threatening Rd3.} (44. Bxh1 Rxh1+) 44... R1h2 45. Qb7 Rd8 $2 (45... R8h7 46. Qa8 Nd7 47. Qe8+ Kf6 48. Qd8+ Kf7) 46. Kf1 {[#]} Rh7 (46... Nd7 $1 $19 {[%cal Rd7f6] aiming for ...Nf6.} 47. Qb3 Nf6) 47. Qb3 $17 Qd6 48. Bb7 (48. Ra1 $17 {is a better defense.}) 48... Rh2 $2 (48... Nxa6 $19 {Threatens to win with ...Rb8.} 49. Bg2 Nb4) 49. Re3 $11 Re8 {[#]} (49... Kf7 $11 {keeps the balance.}) 50. Rd1 (50. Rce1 $1 $16 {[%cal Re3e6]} e5 51. Rxe5) 50... Qc5 {The position is equal.} 51. Rxe6+ Kg7 {[%csl Gh2][%cal Rc5f2]} 52. Bg2 {White wants to mate with Qb2+.} Rxe6 53. Qxe6 {[#] Black must now prevent Rb1.} Rxg2 $1 {[%csl Gg2][%cal Rc5g1][%mdl 512] [#]} 54. Rd7+ $1 {[%mdl 512]} (54. Kxg2 Qc2+) 54... Nxd7 55. Qxd7+ Kf6 {[%csl Gg2][%cal Rc5g1]} 56. Qd8+ Ke6 {[%csl Gg2][%cal Rc5g1]} 57. Qe8+ $1 Kd6 {[%csl Gg2][%cal Rc5g1]} 58. Qf8+ Kc6 {[%csl Gg2][%cal Rc5g1]} 59. Qc8+ Kd6 {[%csl Gg2][%cal Rc5g1]} 60. Qd8+ {Accuracy: White = 23%, Black = 34%.} 1/2-1/2